| 000 | 00552nam a22001697a 4500 | ||
|---|---|---|---|
| 999 |
_c525297 _d525297 |
||
| 003 | NUST | ||
| 038 | _awaseem | ||
| 082 |
_a297.6016 _bRAN |
||
| 100 |
_aRanjha, Muhammad Nazir _916033 |
||
| 245 |
_aBaresaghir Pak-o-Hind Mein Tosuf ki Urdu Matubaat / _cMuhammad Nazir Ranjha |
||
| 260 |
_aLahore : _bWaheed Qureshi, _c1995. |
||
| 300 | _a367 p. ; | ||
| 500 | _aHardcover. | ||
| 880 |
_6100-01\r _aمحمد نزیر رانجھا |
||
| 880 |
_6245-02\r _aبرصغیر پاک و ہند میں تصوف کی اُردو مطبوعات / |
||
| 942 |
_2ddc _cBK |
||